Zero (2 Lp Zl 71539) (Record n. 102250)

Dettagli MARC
000 -LEADER
fixed length control field 01553njm a2200313Ia 4500
001 - CONTROL NUMBER
control field 62731
003 - CONTROL NUMBER IDENTIFIER
control field IT-RoPAU
005 - DATE AND TIME OF LATEST TRANSACTION
control field 20220918181152.0
008 - FIXED-LENGTH DATA ELEMENTS--GENERAL INFORMATION
fixed length control field 131025s9999 xx 000 0 und d
040 ## - CATALOGING SOURCE
Original cataloging agency IT-RoPAU
040 ## - CATALOGING SOURCE
Transcribing agency IT-RoPAU
041 ## - LANGUAGE CODE
Language code of text/sound track or separate title ITALIANO
999 ## - SYSTEM CONTROL NUMBERS (KOHA)
Koha Dewey Subclass [OBSOLETE] n.d.
100 ## - MAIN ENTRY--PERSONAL NAME
Personal name Zero Renato
9 (RLIN) 5540
100 ## - MAIN ENTRY--PERSONAL NAME
Relator term Autore musica
9 (RLIN) 23298
100 ## - MAIN ENTRY--PERSONAL NAME
Miscellaneous information Codice autore musica SPICS: 11202
9 (RLIN) 5542
245 ## - TITLE STATEMENT
Title Zero (2 Lp Zl 71539)
250 ## - EDITION STATEMENT
Edition statement 1a ed.
260 ## - PUBLICATION, DISTRIBUTION, ETC. (IMPRINT)
Place of publication, distribution, etc. ITALIA
260 ## - PUBLICATION, DISTRIBUTION, ETC. (IMPRINT)
Name of publisher, distributor, etc. ZEROMANIA MUSIC
Date of publication, distribution, etc. 1987 [1a Ed.:1987 - Ed. Lingua Orig.: 1987]
300 ## - PHYSICAL DESCRIPTION
Extent DISCO
300 ## - PHYSICAL DESCRIPTION
Dimensions 77 minuti (Testo: pag.)
500 ## - GENERAL NOTE
General note Musica leggera. Canzone italiana. Cantautore
505 ## - FORMATTED CONTENTS NOTE
Formatted contents note Lei (Zero-Conrado-Zero) - Calendario - Verde (Zero-Ciccaglioni-Zero) - Ho dato (Zero-Troiani-Zero) - Vagabondo cuore (Zero-Pintucci-Zero) - Souvenir (Zero-Serio-Zero) - Siamo eroi (Zero-Conrado-Zero) - Facile (Zero-Conrado-Zero) - Astronatività (Zero-Conrado-Zero) - Seminando (Zero-Ciccaglioni-Zero) - Telecomando (Zero-Troiani-Zero) - Artisti (Zero-Lakatos-Zero) - Immunità (Zero-Conrado-Zero) - Promessa (Zero-Conrado-Zero) - Il primatista (Zero-Pintucci-Zero) - Infernale dilemma (Zero-Conrado-Zero) - Più o meno (Zero-Serio-Zero) - Danza macraba (Zero-Conrado-Zero)
650 ## - SUBJECT ADDED ENTRY--TOPICAL TERM
Topical term or geographic name as entry element LEGGERA ITALIAN [DISCHI]
Relator term Codice MATERIA SPICS: 9950
9 (RLIN) 23160
700 ## - ADDED ENTRY--PERSONAL NAME
Personal name Zero Renato
Relator term Autore testo e musica
Miscellaneous information Codice autore testo/musica SPICS: 11202
9 (RLIN) 23299
700 ## - ADDED ENTRY--PERSONAL NAME
Personal name Zero Renato
Miscellaneous information Codice interprete SPICS: 11202
Relator term Interprete
9 (RLIN) 23300
942 ## - ADDED ENTRY ELEMENTS (KOHA)
Koha item type DISCHI
Source of classification or shelving scheme Dewey Decimal Classification
Dati di copia
Withdrawn status Lost status Damaged status Not for loan Home library Current library Date acquired Total Checkouts Full call number Date last seen Price effective from Koha item type Public note
    Buone Condizioni Not For Loan SPICS-MEDIATECA SPICS-MEDIATECA 25/10/2013   62731 25/10/2013 25/10/2013 DISCHI Progr. Ins.: 15831 / N.Vol.: 1 / Copie: 1 - Copia rara: n.d. / date import: 01.01.2014 - By Epidotti, Trombetti, Vaglietti
CREDITS: SOCIETA' SAN PAOLO Via A.Severo, 58 - ROMA (RM) & PERIODICI SAN PAOLO SRL Via Giotto, 36 MILANO & CISF Via Giotto, 36 MILANO & EDIZIONI SAN PAOLO SRL,  Piazza Soncino, 5 CINISELLO BALSAMO (MI) -- ITALY